000 00660nam a2200265Ia 4500
005 20260302113936.0
008 008 260114s9999 xx 000 0 eng d
020 _a9781474283670
037 _aTextbook
040 _aCRL
040 _beng
040 _cCRL
041 _2eng
041 _aeng
084 _qCRL
100 _aNeil Cohn
_91117279
245 4 _aThe Visual Narrative Reader
260 _bBloomsbury
260 _bBloomsbury Academic
260 _c2016
650 _aLinguistics
856 _uhttps://doi.org/10.5040/9781474283670?locatt=label:secondary_bloomsburyCollections
942 _cEBOOK
999 _c1680783
_d1680783